Las irregularidades contables como disparadores de un debate conceptual profundo (Registro nro. 11118)
[ vista simple ]
| 000 -LEADER | |
|---|---|
| fixed length control field | 00407 a2200121 4500 |
| 001 - CONTROL NUMBER | |
| control field | ART_5545 |
| 005 - DATE AND TIME OF LATEST TRANSACTION | |
| control field | 20260410161616.0 |
| 008 - FIXED-LENGTH DATA ELEMENTS--GENERAL INFORMATION | |
| fixed length control field | 260409a |
| 100 1# - MAIN ENTRY--PERSONAL NAME | |
| Personal name | Canetti, Miguel Marcelo |
| 245 10 - TITLE STATEMENT | |
| Title | Las irregularidades contables como disparadores de un debate conceptual profundo |
| 700 1# - ADDED ENTRY--PERSONAL NAME | |
| Personal name | Rodríguez de Ramírez, María del Carmen |
| 773 0# - HOST ITEM ENTRY | |
| Title | Enfoques |
| Related parts | - Nº 1 (ene. 2006) |
| Record control number | REV416 |
No hay ítems disponibles.